000 00631nam a2200241Ia 4500
003 OSt
005 20220924145908.0
006 a|||||r|||| 00| 0
007 ta
008 220923b |||||||| |||| 00| 0 tel d
020 _c1.75
024 _a330735
037 _cTextual
040 _aARTS
_cARTS
_btel
041 _2tel
_atel
082 _a0152,3N26,1, 35K7
100 _aBharathi Dharmaveer Au.
_9220803
245 0 _aSooryudi edo gurram
260 _c1967
650 _aHINDI LITERATURE
_923866
942 _h0152,3N26,1, 35K7
_cTEXL
_2CC
999 _c461509
_d461509